[Event "FSGM June"]
[Site "Budapest HUN"]
[Date "2008.06.10"]
[Round "4"]
[White "Bluvshtein,M"]
[Black "Paschall,W"]
[Result "1-0"]
[WhiteElo "2544"]
[BlackElo "2330"]

1.d4 Nf6 2.c4 e6 3.Nc3 Bb4 4.f3 d5 5.a3 Bxc3+ 6.bxc3 c5 7.cxd5 Nxd5 8.dxc5 Qa5
9.e4 Ne7 10.Be3 O-O 11.Qb3 Qc7 12.f4 Nd7 13.Qc4 Nc6 14.a4 Na5 15.Qb4 b6 16.cxb6 axb6
17.Nf3 Nc5 18.Bb5 Bb7 19.Nd2 f5 20.O-O fxe4 21.Nc4 Nxc4 22.Bxc4 Kh8 23.Rfb1 Bd5
24.Bxd5 exd5 25.a5 Nd3 26.axb6 Qb7 27.Rxa8 Rxa8 28.Qd6  1-0

[Event "TCh-BIH"]
[Site "Neum BIH"]
[Date "2008.06.11"]
[Round "8"]
[White "Timofeev,Arty"]
[Black "Savic,Miod1"]
[Result "1-0"]
[WhiteElo "2664"]
[BlackElo "2542"]

1.d4 Nf6 2.c4 e6 3.Nc3 Bb4 4.f3 d5 5.a3 Bxc3+ 6.bxc3 Nbd7 7.cxd5 exd5 8.e3 O-O
9.Bd3 Re8 10.Ne2 c5 11.O-O Qa5 12.Bd2 Nb6 13.Ng3 Nc4 14.Bxc4 dxc4 15.e4 cxd4
16.cxd4 c3 17.Be1 Bd7 18.Qb3 Rac8 19.Rc1 h5 20.Rxc3 Rxc3 21.Qxc3 Qxc3 22.Bxc3 h4
23.Ne2 Bb5 24.Re1 Nd5 25.a4 Bc4 26.Kf2 Nb6 27.a5 Na4 28.Ba1 b6 29.Nf4 bxa5
30.d5 Nb6 31.Nh5 f6 32.Bxf6 gxf6 33.Nxf6+ Kf7 34.Nxe8 Kxe8 35.Ke3 a4 36.Kd4 a3
37.Re3 a2 38.Ra3 h3 39.gxh3 Bb3 40.Kc3 Bd1 41.Rxa2 Bxf3 42.Kd4 Nc8 43.Rf2 Bd1
44.h4 a5 45.Rf1 Bg4 46.Ra1 Nd6 47.Rxa5 Bf3 48.e5 Nf5+ 49.Kc5 Nxh4 50.Ra4 Ng6
51.Kd6 Kf8 52.e6 Bh1 53.h4 Bf3 54.Ra8+ Kg7 55.Ra7+ Kg8 56.Rf7 Bg4 57.Rf1 Be2
58.Rg1 Kh7 59.e7 Bb5 60.Rb1 Ba4 61.Rb4 Be8 62.Rb8 Ba4 63.e8=Q Bxe8 64.Rxe8 Nxh4
65.Kc7  1-0

[Event "IM"]
[Site "Perm RUS"]
[Date "2008.06.16"]
[Round "6"]
[White "Matveeva,O"]
[Black "Lavretzkij,R"]
[Result "0-1"]
[WhiteElo "2200"]
[BlackElo "2332"]

1.d4 Nf6 2.c4 e6 3.Nc3 Bb4 4.f3 d5 5.a3 Be7 6.e4 O-O 7.e5 Ne8 8.f4 c5 9.Nf3 Nc7
10.Be3 b6 11.Be2 Nc6 12.O-O dxc4 13.Bxc4 Na5 14.Be2 c4 15.Nd2 b5 16.Bf3 Rb8
17.f5 Bg5 18.Bxg5 Qxg5 19.f6 Rd8 20.fxg7 Rxd4 21.Nce4 Qxe5 22.Bh5 f5 23.Bf7+ Kxf7
24.Qh5+ Kg8 25.Rf3 Rd7 26.Rg3 Rxg7 27.Nf3 Qxb2 28.Rd1 Nc6 29.Nd6 Qf6 30.Nxc8 Rxc8
31.Rd7 Ne7 32.Ng5 Ncd5 33.Nxh7 Qd4+ 34.Kf1 Qf4+ 35.Kg1 Qc1+ 36.Kf2 Qd2+ 37.Kf1 Rxg3
38.Nf6+ Nxf6  0-1

[Event "22th Open"]
[Site "Pula CRO"]
[Date "2008.06.21"]
[Round "1"]
[White "Bulatovic,M"]
[Black "Kopylov,Al2"]
[Result "0-1"]
[WhiteElo "2014"]
[BlackElo "2384"]

1.d4 Nf6 2.c4 e6 3.Nc3 Bb4 4.f3 c5 5.d5 b5 6.e4 bxc4 7.Bg5 h6 8.Bd2 exd5
9.exd5 O-O 10.Bxc4 d6 11.Nge2 Nbd7 12.a3 Ba5 13.O-O Ne5 14.Bb5 Rb8 15.Bf4 a6
16.Bxe5 dxe5 17.Bc4 Rxb2 18.Rb1 Rxb1 19.Qxb1 Ne8 20.Qd3 Nd6 21.Ba2 f5 22.Rb1 Qg5
23.Bc4 Kh8 24.Ba2 Bc7 25.Ng3 h5 26.Ra1 h4 27.Nf1 h3 28.g3 e4 29.Qe2 exf3
30.Qd3 f4 31.Ne4 fxg3 32.Nexg3 f2+ 33.Kh1 Bg4  0-1

[Event "Open"]
[Site "Teplice CZE"]
[Date "2008.06.21"]
[Round "8"]
[White "Kantorik,M"]
[Black "Danes,J"]
[Result "1/2-1/2"]
[WhiteElo "2359"]
[BlackElo "2202"]

1.d4 Nf6 2.c4 e6 3.Nc3 Bb4 4.f3 O-O 5.a3 Bxc3+ 6.bxc3 Ne8 7.c5 b6 8.cxb6 axb6
9.e4 Ba6 10.Bxa6 Rxa6 11.Ne2 Nd6 12.e5 Nc4 13.Qd3 b5 14.O-O d6 15.f4 Nd7
16.Rf3 f5 17.exf6 Nxf6 18.Ng3 Qa8 19.Qe2 Re8 20.h3 Qd5 21.Kh2 c6 22.Qf2 Rea8
23.f5 e5 24.Bg5 e4 25.Rf4 e3 26.Qe2 Rf8 27.Raf1 Nd2 28.Ra1 Nc4 29.Rh4 Raa8
30.Qd3 Rfe8 31.Re1 Qf7 32.Bxf6 Qxf6 33.Rf4 d5 34.Rf3 Qd6 35.Kg1 Qxa3 36.Nf1 b4
37.Nxe3 Qxc3 38.Qxc3 bxc3 39.Nc2 Rxe1+ 40.Nxe1 Re8 41.Nc2 Re2  1/2-1/2

[Event "22th Open"]
[Site "Pula CRO"]
[Date "2008.06.23"]
[Round "3"]
[White "Sutkovic,D"]
[Black "Kuljasevic,D"]
[Result "1-0"]
[WhiteElo "2318"]
[BlackElo "2502"]

1.d4 Nf6 2.c4 e6 3.Nc3 Bb4 4.f3 d5 5.Qa4+ Nc6 6.a3 Bxc3+ 7.bxc3 O-O 8.cxd5 Nxd5
9.Qc2 f5 10.e4 fxe4 11.fxe4 Nxc3 12.Qxc3 Qh4+ 13.Qg3 Qxe4+ 14.Qe3 Qh4+ 15.g3 Qf6
16.Ne2 e5 17.Bb2 exd4 18.Nxd4 Bg4 19.Bc4+ Kh8 20.Rf1 Qd6 21.Rxf8+ Qxf8 22.Nxc6 bxc6
23.Qf4 Qe7+ 24.Kd2 Rd8+ 25.Kc2 Bh5 26.Rf1 Rb8 27.Qe5 Bg6+ 28.Kc1  1-0

[Event "XVI Open"]
[Site "Montcada i Reixac ESP"]
[Date "2008.06.27"]
[Round "3"]
[White "Moskalenko,V"]
[Black "Rojas,L"]
[Result "0-1"]
[WhiteElo "2572"]
[BlackElo "2414"]

1.d4 Nf6 2.c4 e6 3.Nc3 Bb4 4.f3 d5 5.a3 Bxc3+ 6.bxc3 c5 7.cxd5 exd5 8.e3 Qc7
9.Ne2 O-O 10.g4 Re8 11.Bg2 Nc6 12.O-O h6 13.Nf4 Na5 14.h4 Nc4 15.Qd3 cxd4
16.cxd4 Be6 17.g5 hxg5 18.hxg5 Nh7 19.g6 fxg6 20.e4 Bf7 21.e5 Nf8 22.Ne2 Be6
23.f4 Qf7 24.Ng3 Bf5 25.Nxf5 gxf5 26.Rb1 Red8 27.Kf2 Ne6 28.Rh1 b6 29.Bd2 Nxd2
30.Qxd2 Rac8 31.Rbc1 Rxc1 32.Rxc1 Qh5 33.Kg1 Qg4 34.Rf1 Rc8 35.Kh2 Kf7 36.Rf2 Rh8+
37.Kg1 Rh4 38.Qc2 Nxf4 39.e6+ Kxe6 40.Qc6+ Ke7 41.Qc7+ Kf6 42.Rc2 Nh3+ 43.Kf1 Qd1+  0-1

[Event "Sparkassen Open"]
[Site "Dortmund GER"]
[Date "2008.07.02"]
[Round "4"]
[White "Savchenko,Via"]
[Black "Kunz,K"]
[Result "1-0"]
[WhiteElo "2427"]
[BlackElo "2198"]

1.d4 Nf6 2.c4 e6 3.Nc3 Bb4 4.f3 c5 5.a3 Bxc3+ 6.bxc3 O-O 7.e3 d6 8.Bd3 Nc6
9.Ne2 b6 10.g4 Ba6 11.Qc2 g6 12.h4 d5 13.cxd5 Bxd3 14.Qxd3 exd5 15.h5 Qd7
16.Nf4 g5 17.Ne2 c4 18.Qc2 Na5 19.Ng3 Nb3 20.Rb1 Nxc1 21.Qxc1 Ne8 22.e4 f6
23.O-O dxe4 24.Nxe4 Nd6 25.Nxf6+ Rxf6 26.Qxg5+ Kf7 27.Qd5+ Qe6 28.Qxa8 Qe3+
29.Kg2 Nf5 30.Qxa7+ Kg8 31.Qa8+ Kg7 32.Qb7+ Kg8 33.Qd5+ Kf8 34.Qe5 Qg5 35.Rbe1 Rf7
36.Qh8+  1-0

[Event "XVI Open"]
[Site "Montcada i Reixac ESP"]
[Date "2008.07.02"]
[Round "8"]
[White "Moskalenko,V"]
[Black "Gonzalez Vidal,Y"]
[Result "1/2-1/2"]
[WhiteElo "2572"]
[BlackElo "2477"]

1.d4 Nf6 2.c4 e6 3.Nc3 Bb4 4.f3 d5 5.a3 Bxc3+ 6.bxc3 c5 7.cxd5 Nxd5 8.dxc5 Qa5
9.e4 Nf6 10.Be3 O-O 11.Qb3 Nfd7 12.Bb5 Qc7 13.Qb4 Nc6 14.Qa4 Nce5 15.Qd4 a6
16.Bxd7 Rd8 17.Qd6 Rxd7 18.Qxc7 Rxc7 19.O-O-O Bd7 20.Bf4 f6 21.Nh3 Rac8 22.Bxe5 fxe5
23.Rd6 Ba4 24.Ng1  1/2-1/2

[Event "5th Sth Wales Int"]
[Site "Trefforst WLS"]
[Date "2008.07.05"]
[Round "1"]
[White "Harley Yeo,G"]
[Black "Radovanovic,J"]
[Result "0-1"]
[WhiteElo "2077"]
[BlackElo "2325"]

1.d4 Nf6 2.c4 e6 3.Nc3 Bb4 4.f3 d5 5.a3 Bxc3+ 6.bxc3 c5 7.cxd5 Nxd5 8.dxc5 Qa5
9.e4 Ne7 10.Be3 O-O 11.Qb3 Qc7 12.a4 Nd7 13.a5 Nc6 14.Qa3 f5 15.exf5 exf5
16.Bc4+ Kh8 17.f4 Re8 18.Kf2 Nf6 19.h3 Be6 20.Bxe6 Rxe6 21.c4 Rae8 22.Re1 Nd4
23.Bxd4 Rxe1 24.g3 Qc6 25.Rh2 Qe4 26.Be5 Nd7 27.Qf3 Nxe5 28.fxe5 Qxe5 29.Kg2 Qxc5
30.Qf2 Qc6+  0-1

[Event "Sparkassen Open"]
[Site "Dortmund GER"]
[Date "2008.07.06"]
[Round "9"]
[White "Neumair,C"]
[Black "Maciag,B"]
[Result "1-0"]
[WhiteElo "1844"]
[BlackElo "1791"]

1.d4 Nf6 2.c4 e6 3.Nc3 Bb4 4.f3 d5 5.a3 Bxc3+ 6.bxc3 O-O 7.e3 Nh5 8.Nh3 Qh4+
9.Nf2 b6 10.cxd5 exd5 11.Bd3 f5 12.Qc2 c5 13.Qa2 Be6 14.a4 Nc6 15.Ba3 cxd4
16.cxd4 Rf6 17.Bb5 Bf7 18.Rc1 Nxd4 19.exd4 Re6+ 20.Kf1 Qxd4 21.Qb2 Qe3 22.Bd7 Rae8
23.Bxe6 Rxe6 24.Bb4 d4 25.Re1 Qf4 26.Rxe6 Bxe6 27.Qd2 Bc4+ 28.Kg1 Qe5 29.Qe1 Qe3
30.Qxe3 dxe3 31.Nh3 g5 32.g4 fxg4 33.Nxg5 gxf3 34.Nxf3 Bd5 35.Kg2 Nf4+ 36.Kg3 Ne2+
37.Kg4 h5+ 38.Kf5 Bxf3 39.Rf1 Nd4+ 40.Kf6 e2 41.Rg1+ Kh7 42.Rg7+ Kh8 43.Re7 Nc2
44.Bc3 e1=Q 45.Bxe1 Nxe1 46.Rxe1 Bc6 47.Re7 a5 48.Re6 Bxa4 49.Rxb6 Bc2 50.Rb5 a4
51.Rxh5+ Kg8 52.Ra5 Kh7 53.Ra8 Bb3 54.h4 Bc2 55.h5 Bb3 56.Kg5 Bc2 57.Ra7+ Kh8
58.Kh6 Kg8 59.Ra8+ Kf7 60.Rc8 Bd3 61.Rd8 Bc2 62.Ra8 Bb3 63.Kh7 Bc2+ 64.Kh6 Bb3
65.Kg5 Kg7 66.h6+ Kh7 67.Ra7+ Kh8 68.h7 Bd5 69.Kh6  1-0

[Event "XXXI Open"]
[Site "Barbera del Valles ESP"]
[Date "2008.07.07"]
[Round "3"]
[White "Avila Jimenez,J"]
[Black "Ortega Serra,M"]
[Result "1-0"]
[WhiteElo "2286"]
[BlackElo "1974"]

1.d4 Nf6 2.c4 e6 3.Nc3 Bb4 4.f3 d5 5.a3 Bxc3+ 6.bxc3 c5 7.cxd5 exd5 8.e3 cxd4
9.cxd4 Qc7 10.Ne2 O-O 11.g4 Re8 12.Bg2 Nc6 13.O-O h6 14.h4 Bd7 15.Nf4 Ne7
16.Qd3 Rac8 17.Bd2 Qc4 18.Rfc1 Qxd3 19.Nxd3 Rxc1+ 20.Rxc1 Rc8 21.Rxc8+ Bxc8
22.g5 hxg5 23.hxg5 Nd7 24.e4 Nb6 25.Bb4 Nc6 26.Bc5 dxe4 27.fxe4 Na4 28.Kf2 Nxc5
29.dxc5 g6 30.Ke3 Kf8 31.Nf4 Bd7 32.Bf1 Ne5 33.Be2 Bc6 34.Kd4 Nd7 35.Bc4 b6
36.cxb6 Nxb6 37.Bb3 Ke7 38.e5 Bd7 39.Kc5 Be8 40.Kd4 Bd7 41.e6 Be8 42.exf7 Bxf7
43.Bc2 Nc4 44.a4 Nd2 45.Bd1 Nc4 46.Nxg6+ Bxg6 47.Kxc4 Ke6 48.a5 Ke5 49.Be2 Kd6
50.Kb5 Kc7 51.Kc5 Kd7 52.Bg4+ Ke7 53.Kc6 Bd3 54.Kb7 a6 55.Kb6 Kd8 56.Be6  1-0

[Event "7th Open"]
[Site "La Fere FRA"]
[Date "2008.07.07"]
[Round "3"]
[White "Dutel,F"]
[Black "Blondel,F"]
[Result "1-0"]
[WhiteElo "1871"]
[BlackElo "1664"]

1.d4 Nf6 2.c4 e6 3.Nc3 Bb4 4.f3 O-O 5.a3 Bxc3+ 6.bxc3 d5 7.Bg5 Nbd7 8.e3 c6
9.Bd3 Qa5 10.c5 e5 11.Ne2 exd4 12.exd4 Re8 13.O-O h6 14.Bd2 Nf8 15.Ng3 Bd7
16.Bf5 Ne6 17.Qc2 Qc7 18.Rae1 b6 19.Bxe6 fxe6 20.Qg6 Kf8 21.Bxh6 Re7 22.Qxf6+ Rf7
23.Bxg7+ Kg8 24.Qe5 Qd8 25.Nh5 Rf5 26.Qg3 Rg5 27.Nf6+ Kf7  1-0

[Event "5th Sth Wales Int"]
[Site "Trefforst WLS"]
[Date "2008.07.08"]
[Round "6"]
[White "Jones,J"]
[Black "Kett,T"]
[Result "0-1"]
[WhiteElo "1649"]
[BlackElo "2247"]

1.d4 Nf6 2.c4 e6 3.Nc3 Bb4 4.f3 d5 5.a3 Be7 6.cxd5 exd5 7.e4 dxe4 8.fxe4 Nc6
9.d5 Ne5 10.Nf3 Nxf3+ 11.gxf3 Nh5 12.Be3 Bh4+ 13.Kd2 Bg5 14.Qa4+ c6 15.Qd4 O-O
16.Rg1 Bxe3+ 17.Qxe3 cxd5 18.Nxd5 Be6 19.Bd3 Bxd5 20.exd5 Qf6 21.Kc2 Rac8+
22.Kb3 Rfe8 23.Qg5 Qxg5 24.Rxg5 Re3 25.Rd1 Nf4 26.Ka2 Rxd3 27.Re1 Rxd5 28.Ree5 Rxe5
29.Rxe5 Ne6 30.Rb5 b6 31.a4 g6 32.Rd5 Rd8 33.Rxd8+ Nxd8 34.Kb3 Kf8 35.Kc4 a6
36.Kd5 Ke7 37.b4 Kd7 38.b5 axb5 39.axb5 f6 40.h4 Nf7 41.h5 gxh5  0-1

[Event "FSIM July"]
[Site "Budapest HUN"]
[Date "2008.07.09"]
[Round "5"]
[White "Adams,N"]
[Black "Magyar,O"]
[Result "0-1"]
[WhiteElo "2222"]
[BlackElo "2293"]

1.d4 Nf6 2.c4 e6 3.Nc3 Bb4 4.f3 Nc6 5.e4 d5 6.cxd5 exd5 7.e5 Nh5 8.Be3 f6
9.g4 fxe5 10.gxh5 O-O 11.a3 Ba5 12.Bb5 Qh4+ 13.Bf2 Qg5 14.Kf1 exd4 15.h4 Qxh5
16.Nce2 Ne5 17.Ng3 Qf7 18.Bxd4 Ng6 19.Bc5 Rd8 20.h5 Nf4 21.N3e2 Nxh5 22.Qa4 Bb6
23.Bxb6 axb6 24.Qh4 Nf6 25.Bd3 h6 26.Re1 Rf8 27.Nf4 Ne4 28.fxe4 Qxf4+ 29.Qxf4 Rxf4+
30.Kg2 Rg4+ 31.Kf2 Be6 32.e5 Rf8+ 33.Ke3 c5 34.Rh2 c4 35.Bc2 d4+ 36.Kd2 d3
37.Bd1 Rg3 38.Ba4 Rf4 39.Bd1 Kf8 40.Kc3 Ke7 41.Rd2 b5 42.b3 g6 43.bxc4 bxc4
44.Rh2 h5 45.Nf3 Rfxf3 46.Bxf3 Rxf3 47.Rg2 Kf7 48.Reg1 d2+ 49.Kxd2 Bf5 50.Rg3 c3+
51.Ke1 Rxg3 52.Rxg3 c2 53.Kd2 Ke6 54.Rb3 Be4 55.Rb5 h4 56.Rc5 h3  0-1

[Event "36th TCh-GRE"]
[Site "Kallithea Halkidiki GRE"]
[Date "2008.07.09"]
[Round "6"]
[White "Azmaiparashvili,Z"]
[Black "Macieja,B"]
[Result "0-1"]
[WhiteElo "2615"]
[BlackElo "2606"]

1.d4 Nf6 2.c4 e6 3.Nc3 Bb4 4.f3 d5 5.a3 Bxc3+ 6.bxc3 c6 7.e3 O-O 8.Bd3 b6
9.e4 dxe4 10.fxe4 Nxe4 11.Nf3 f5 12.O-O Nd7 13.Bxe4 fxe4 14.Ng5 Rxf1+ 15.Qxf1 Nf6
16.Qf4 Qe8 17.Nxe4 Nxe4 18.Qxe4 Ba6 19.Qe2 e5 20.Qxe5 Qxe5 21.dxe5 Bxc4 22.Bg5 Kf7
23.Rd1 Bd5 24.Bf4 Ke6  0-1

[Event "Aegean Open"]
[Site "Aghios Kirykos GRE"]
[Date "2008.07.13"]
[Round "2"]
[White "Henrichs,T"]
[Black "Tsiotridis,P"]
[Result "1-0"]
[WhiteElo "2491"]
[BlackElo "2100"]

1.d4 Nf6 2.c4 e6 3.Nc3 Bb4 4.f3 d5 5.a3 Be7 6.e4 dxe4 7.fxe4 e5 8.d5 Bc5
9.Nf3 Bg4 10.h3 Bxf3 11.Qxf3 Nfd7 12.Bd3 a5 13.Bd2 Na6 14.O-O-O Bd4 15.Ne2 Nac5
16.Bc2 c6 17.Nxd4 exd4 18.Bf4 Qb6 19.Rxd4 Nb3+ 20.Qxb3 Qxd4 21.Qxb7 O-O 22.Qxd7 cxd5
23.Qxd5 Rfd8 24.Qxd4 Rxd4 25.c5  1-0

[Event "FSGM July"]
[Site "Budapest HUN"]
[Date "2008.07.13"]
[Round "9"]
[White "Toth,E"]
[Black "Prohaszka,P2"]
[Result "1-0"]
[WhiteElo "2409"]
[BlackElo "2509"]

1.d4 Nf6 2.c4 e6 3.Nc3 Bb4 4.f3 d5 5.a3 Be7 6.e4 dxe4 7.fxe4 e5 8.d5 Bc5
9.Nf3 Bg4 10.h3 Bxf3 11.Qxf3 Nbd7 12.Bd3 c6 13.Rb1 O-O 14.Be3 cxd5 15.cxd5 Qb6
16.Na4 Qa5+ 17.Nc3 Bd4 18.O-O Bxc3 19.bxc3 Qxc3 20.Bb5 b6 21.a4 Qa3 22.Rfc1 Rac8
23.Bc6 Nb8 24.Bg5 Qxf3 25.gxf3 Nxc6 26.dxc6 Rc7 27.a5 bxa5 28.Bd2 Rfc8 29.Bxa5 Re7
30.c7 Nd7 31.Rd1 Kf8 32.Rxd7  1-0

[Event "19th Czech Infinity Open"]
[Site "Pardubice CZE"]
[Date "2008.07.13"]
[Round "4"]
[White "Shishkin,Vl"]
[Black "Saunina,L"]
[Result "1-0"]
[WhiteElo "2189"]
[BlackElo "2303"]

1.d4 Nf6 2.c4 e6 3.Nc3 Bb4 4.f3 c5 5.d5 Bxc3+ 6.bxc3 d6 7.e4 e5 8.Bd3 Nbd7
9.Ne2 h6 10.h4 h5 11.Be3 Qa5 12.Qb3 a6 13.Kd2 Rb8 14.a4 Nb6 15.Rhb1 Na8 16.Qa3 Bd7
17.Rb2 Nc7 18.Nc1 Na8 19.Nb3 Qd8 20.a5 b5 21.axb6 Rxb6 22.Na5 Rxb2+ 23.Qxb2 O-O
24.Qb7 Ne8 25.Bg5 f6 26.Be3 Qb6 27.Qxb6 Nxb6 28.Rb1 Na8 29.Rb7 Nac7 30.Rb6 Bc8
31.g3 Na8 32.Rc6 Nac7 33.f4 Kh7 34.f5 g6 35.Ke2 Rg8 36.Kf3 Rg7 37.Rb6 Rf7
38.Rb8 Bd7 39.Nb7 Ba4 40.Nd8 Re7 41.Ne6 Bd1+ 42.Kf2 Nxe6 43.fxe6 a5 44.Ke1 Bg4
45.Kd2 a4 46.Kc2 a3 47.Ra8 Bf3 48.Kb3 Kg7 49.Kxa3 Bd1 50.Kb2 Nc7 51.Rd8 Ne8
52.Kc1 Bf3 53.Kd2 Bg2 54.Bc2 Bf3 55.Rd7  1-0

[Event "FSGM July"]
[Site "Budapest HUN"]
[Date "2008.07.14"]
[Round "10"]
[White "Toth,E"]
[Black "Kjartansson,G"]
[Result "1/2-1/2"]
[WhiteElo "2409"]
[BlackElo "2328"]

1.d4 Nf6 2.c4 e6 3.Nc3 Bb4 4.f3 d5 5.a3 Bxc3+ 6.bxc3 c5 7.cxd5 Nxd5 8.dxc5 Qa5
9.e4 Nf6 10.Be3 O-O 11.Qb3 Nfd7 12.a4 Qc7 13.Qa3 b6 14.a5 bxc5 15.Qa4 Ba6
16.Bxa6 Nxa6 17.Qb5 Nab8 18.Ne2 Nc6 19.f4 a6 20.Qa4 Rab8 21.O-O Rb5 22.e5 Nxa5
23.Qe4 c4 24.Qf3 Rd5 25.Qg4 Rd3 26.Rf3 Nb3 27.Re1 Rd8 28.Rg3 g6 29.Rh3 Rxe3
30.Rxe3 Qb6 31.Nd4 Nxd4 32.cxd4 Qxd4 33.Qd1 Qb6 34.Qd6 Qxd6 35.exd6 Nb6 36.Ra3 Nd5
37.Rxa6 c3 38.Re4 Kg7 39.Rc4 Kf6 40.g3 Rd7 41.Kf2 h5 42.Kf3 Kf5 43.h3 g5
44.fxg5 Kxg5 45.Ke4 Kf6 46.Kd4 Rd8 47.Kc5 Ke5 48.Rca4 f5 49.Ra1 Nf6 50.Kc4 Rxd6
51.Rxd6 Kxd6 52.Kxc3  1/2-1/2

[Event "Inautomarket Open"]
[Site "Minsk BLR"]
[Date "2008.07.15"]
[Round "6"]
[White "Konovalov,N"]
[Black "Khismatullin,D"]
[Result "0-1"]
[WhiteElo "2440"]
[BlackElo "2613"]

1.d4 Nf6 2.c4 e6 3.Nc3 Bb4 4.f3 d5 5.a3 Bxc3+ 6.bxc3 c6 7.e3 O-O 8.Bd3 b6
9.Ne2 Ba6 10.cxd5 cxd5 11.O-O Qc8 12.e4 Bxd3 13.Qxd3 Qa6 14.Qe3 Nc6 15.Ng3 Qc4
16.Bd2 Kh8 17.Rae1 Rae8 18.Qg5 Ne7 19.e5 Nfg8 20.f4 Qd3 21.Re2 f6 22.exf6 Nxf6
23.Rf3 Qc2 24.Be1 Qc1 25.Rf1 h6 26.Qe5 Nf5 27.Qc7 Nxd4 28.Re5 Ng4 29.Nh5 Rg8
30.Bf2 Nb5 31.Qd7 Nxe5 32.Qxb5 Qxc3 33.fxe5 Qxe5 34.g4 Qd6 35.Bg3 e5 36.Re1 g6
37.Rc1 Re6 38.Qf1 gxh5 39.Qf7 Qe7 40.Qf5 h4 41.Rc7 Qxc7 42.Qxe6 Qc1+ 43.Kg2 hxg3
44.Qf6+ Rg7 45.Qf8+ Kh7 46.Qf5+ Kg8 47.Qe6+ Kf8 48.Qf6+ Rf7  0-1

[Event "ch-AUT"]
[Site "Leoben AUT"]
[Date "2008.07.19"]
[Round "1"]
[White "Wiedermann,D"]
[Black "Genser,H"]
[Result "1-0"]
[WhiteElo "2156"]
[BlackElo "2342"]

1.d4 Nf6 2.c4 e6 3.Nc3 Bb4 4.f3 d5 5.a3 Bxc3+ 6.bxc3 c5 7.cxd5 Nxd5 8.dxc5 Qa5
9.e4 Ne7 10.Be3 O-O 11.Qb3 Qc7 12.Bb5 Nec6 13.Rd1 e5 14.Rd6 Be6 15.Rxe6 fxe6
16.Qxe6+ Kh8 17.Nh3 Na5 18.Ng5 h6 19.h4 Nbc6 20.Qg6 hxg5 21.hxg5+ Kg8 22.Qh5 Ne7
23.Qh7+ Kf7 24.Rh6 Nac6 25.Rf6+ Ke8 26.Qxg7 Rg8 27.Qf7+ Kd7 28.Re6 Rae8 29.Rxe7+ Rxe7
30.Qxg8 Qa5 31.Qd5+ Ke8 32.Bxc6+ bxc6 33.Qxc6+ Kf8 34.Qf6+ Ke8 35.c6 Qxc3+
36.Kf2 Qc2+ 37.Kg3 Qc4 38.g6  1-0

[Event "Dutch Open"]
[Site "Dieren NED"]
[Date "2008.07.25"]
[Round "4"]
[White "Wiersma,E"]
[Black "De Groote,E"]
[Result "1-0"]
[WhiteElo "2419"]
[BlackElo "2251"]

1.d4 Nf6 2.c4 e6 3.Nc3 Bb4 4.f3 d5 5.a3 Bxc3+ 6.bxc3 c5 7.cxd5 Nxd5 8.dxc5 Qa5
9.e4 Ne7 10.Be3 Nec6 11.Qb3 e5 12.Bc4 O-O 13.Ne2 Nd7 14.Qb5 Qxb5 15.Bxb5 Na5
16.Rb1 Nf6 17.Kf2 Be6 18.Nd4 exd4 19.cxd4 b6 20.d5 Nxd5 21.exd5 Bxd5 22.cxb6 axb6
23.Rhd1 Ba2 24.Rb4 Rfc8 25.Bxb6 Bb3 26.Rdd4 Be6 27.Rh4 Nc6 28.Ra4 Rab8 29.Ra6 Ne5
30.a4 Rc2+ 31.Kg3 Bc8 32.Ba7 Ra8 33.Rd6 g5 34.Re4 h5 35.Rd8+ Kg7 36.Rxc8 h4+
37.Kh3 Rcxc8 38.Rxe5 Rxa7 39.Rxg5+ Kf6 40.Rh5 Kg6 41.Kxh4 f5 42.Bd3 Rxa4+
43.g4 Rd8 44.Bxf5+ Kf6 45.Rh6+ Ke5 46.Kg3 Rd1 47.Re6+ Kd5 48.h4 Rg1+ 49.Kh2 Raa1
50.h5  1-0

[Event "CSOB IM CUP"]
[Site "Mlada Boleslav CZE"]
[Date "2008.07.29"]
[Round "3"]
[White "Meskovs,N"]
[Black "Plischki,S"]
[Result "1/2-1/2"]
[WhiteElo "2177"]
[BlackElo "2402"]

1.d4 Nf6 2.c4 e6 3.Nc3 Bb4 4.f3 O-O 5.a3 Bxc3+ 6.bxc3 Ne8 7.c5 b6 8.cxb6 axb6
9.e4 Nc6 10.f4 Nd6 11.Bd3 Ba6 12.Bxa6 Rxa6 13.Qd3 Ra4 14.e5 Nc4 15.Nf3 f5
16.d5 Ne7 17.dxe6 dxe6 18.Qxd8 Rxd8 19.Ng5 Rd3 20.O-O Nd5 21.Nxe6 c5 22.Re1 h6
23.g4 g6 24.gxf5 gxf5 25.Ra2 Kf7 26.Nd8+ Ke7 27.Nb7 Nce3 28.Rae2 Nd1 29.Nd6 Nxf4
30.Nxf5+ Ke6 31.Ng7+ Ke7 32.Nf5+ Ke6 33.Ng7+ Ke7  1/2-1/2

[Event "Dutch Open"]
[Site "Dieren NED"]
[Date "2008.07.30"]
[Round "8"]
[White "Bitalzadeh,A"]
[Black "Van den Doel,E"]
[Result "1-0"]
[WhiteElo "2310"]
[BlackElo "2568"]

1.d4 Nf6 2.c4 e6 3.Nc3 Bb4 4.f3 d5 5.a3 Bxc3+ 6.bxc3 c6 7.e3 O-O 8.Bd3 dxc4
9.Bxc4 c5 10.Ne2 Qc7 11.Bd3 Nc6 12.Qc2 e5 13.e4 cxd4 14.cxd4 exd4 15.Nxd4 Qa5+
16.Bd2 Qe5 17.Nb3 Be6 18.Bc3 Qg5 19.Nd4 Nxd4 20.Bxd4 Rfd8 21.Qb2 Nh5 22.g3 Rxd4
23.Qxd4 Rd8 24.Qa4 Bb3 25.Qb5 Qe3+ 26.Be2 Nf6 27.Kf1 Be6 28.h4 a6 29.Qg5 Qc3
30.Rd1 Rxd1+ 31.Bxd1 h6 32.Qf4 Nh5 33.Qd6 b5 34.g4 Nf6 35.Rh2 Nd7 36.Rc2 Qa1
37.Kg2 Ne5 38.Be2 Qb1 39.Qd1 Qxd1 40.Bxd1 Nc4 41.Rc3 g5 42.Bb3 Kg7 43.Bxc4 Bxc4
44.h5 Kf6 45.Kf2 Ke5 46.Ke3 f6 47.Rc1 Kd6 48.f4 gxf4+ 49.Kxf4 Ke6 50.Re1 a5
51.e5 b4 52.exf6+ Kxf6 53.axb4 axb4 54.Re4 Bd3 55.Rxb4 Kg7 56.Ke3 Bf1 57.Rd4 Bb5
58.Kf4 Bc6 59.Kf5 Bb5 60.Rd1 Ba4 61.Rd2 Bb5 62.Rd4 Bc6 63.Rc4 Bd7+ 64.Ke5 Bb5
65.Rc7+ Kg8 66.Rc3 Kg7 67.Ke6 Be2 68.Kf5 Bd1 69.Rc7+ Kf8 70.g5 hxg5 71.h6 Kg8
72.Kg6 Bg4 73.Rb7  1-0

[Event "ITT Raul Moiraghi"]
[Site "Villa Martelli ARG"]
[Date "2008.07.31"]
[Round "3"]
[White "Guerrero,Alv"]
[Black "Obregon,A"]
[Result "0-1"]
[WhiteElo "2154"]
[BlackElo "2399"]

1.d4 Nf6 2.c4 e6 3.Nc3 Bb4 4.f3 c5 5.d5 b5 6.e4 O-O 7.Kf2 bxc4 8.Bxc4 Bxc3
9.bxc3 exd5 10.exd5 d6 11.Ne2 Nbd7 12.Bf4 Nb6 13.Bb5 Nfxd5 14.Bg3 Bd7 15.Bd3 Ba4
16.Qd2 Ne7 17.h4 d5 18.Rae1 Qd7 19.h5 Nc6 20.Rh4 f5 21.Nf4 c4 22.Bb1 Rfe8
23.Ne2 Re7 24.Rf4 Rf8 25.Bh4 Ree8 26.Rh1 Re5 27.g4 Rfe8 28.Ng3 fxg4 29.Rxg4 Rf8
30.Kg2 Qe6 31.Bg5 Nd7 32.Bh6 Rf7 33.Bf4 Qf6 34.h6 g6 35.Nh5 Rxh5 36.Rxh5 Ne7
37.Rh3 Bc6 38.Qd4 Qe6 39.Qe3 Qxg4+ 40.fxg4 d4+ 41.Kg3 dxe3 42.Bxe3 Ne5 43.Bxa7 Rf3+  0-1

[Event "ITT Raul Moiraghi"]
[Site "Villa Martelli ARG"]
[Date "2008.08.02"]
[Round "5"]
[White "Barrionuevo,P"]
[Black "Cunha,E"]
[Result "1-0"]
[WhiteElo "2363"]
[BlackElo "2227"]

1.d4 Nf6 2.c4 e6 3.Nc3 Bb4 4.f3 d5 5.a3 Bxc3+ 6.bxc3 O-O 7.cxd5 exd5 8.e3 Re8
9.Bd3 b6 10.Ne2 c5 11.O-O c4 12.Bb1 Nc6 13.Ng3 Na5 14.Bc2 Bb7 15.Re1 h5 16.Nh1 Qc7
17.Nf2 Rac8 18.Rb1 Bc6 19.e4 dxe4 20.fxe4 Qb7 21.Qf3 Re6 22.Bd2 Nb3 23.Bg5 Rce8
24.Bxf6 Rxf6 25.Qxh5 Rh6 26.Qd1 Qe7 27.Ng4 Rh8 28.Ne5 Qh4 29.Nf3 Qh5 30.Re3 Bd7
31.Qe2 Bg4 32.h3 f5 33.Qxc4+ Kf8 34.Bxb3 f4 35.Rf1 Bxh3 36.Nh4 Be6 37.Qb4+ Kg8
38.Rxf4 Qg5 39.Bxe6+ Rxe6 40.Rf8+ Kh7 41.Rxh8+ Kxh8 42.Qf8+ Kh7 43.Qf5+  1-0

[Event "XXXIV Open"]
[Site "Badalona ESP"]
[Date "2008.08.03"]
[Round "3"]
[White "Moskalenko,V"]
[Black "Hernando Rodrigo,Ju"]
[Result "1/2-1/2"]
[WhiteElo "2569"]
[BlackElo "2354"]

1.d4 Nf6 2.c4 e6 3.Nc3 Bb4 4.f3 d5 5.a3 Be7 6.e4 dxe4 7.fxe4 e5 8.d5 Ng4
9.Nf3 Bc5 10.Na4 Bf2+ 11.Ke2 Bh4 12.g3 Be7 13.h3 Nf6 14.Nc3 O-O 15.Kf2 Nbd7
16.Kg2 a5 17.Bd3 b6 18.Bc2 Ne8 19.Ba4 Nd6 20.Qe2 Nc5 21.Bc2 Qe8 22.Be3 f5
23.Bxc5 bxc5 24.Nb5 fxe4 25.Nxe5 Nxb5 26.cxb5 Bd6 27.Nc4 Bf5  1/2-1/2

[Event "95th ch-GBR"]
[Site "Liverpool ENG"]
[Date "2008.08.04"]
[Round "7"]
[White "Auckland,E"]
[Black "Eggleston,D"]
[Result "0-1"]
[WhiteElo "1990"]
[BlackElo "2372"]

1.d4 Nf6 2.c4 e6 3.Nc3 Bb4 4.f3 d5 5.a3 Bxc3+ 6.bxc3 c5 7.cxd5 Nxd5 8.Qd3 b6
9.e4 Ba6 10.Qc2 Bxf1 11.Kxf1 Ne7 12.dxc5 bxc5 13.Be3 Qa5 14.Ne2 c4 15.Kf2 O-O
16.Qa2 Qc7 17.Rab1 Nd7 18.Bf4 e5 19.Be3 f5 20.Rb4 Rac8 21.Bg5 Nf6 22.Ng3 fxe4
23.Bxf6 e3+ 24.Ke2 Nd5 25.Bxe5 Qxe5 26.Rxc4 Qe6 27.Ra1 Rxc4 28.Qxc4 Nf4+  0-1

[Event "Abkhasian Open"]
[Site "Sukhumi GEO"]
[Date "2008.08.07"]
[Round "5"]
[White "Nikolaeva,A1"]
[Black "Elizarov,D"]
[Result "1/2-1/2"]
[WhiteElo "2199"]
[BlackElo "2334"]

1.d4 Nf6 2.c4 e6 3.Nc3 Bb4 4.f3 d5 5.e3 O-O 6.a3 Be7 7.Bd3 c5 8.cxd5 cxd4
9.exd4 Nxd5 10.Nge2 Nc6 11.O-O Bf6 12.Kh1 Nxc3 13.bxc3 e5 14.d5 Ne7 15.Be4 Nf5
16.Qd3 g6 17.c4 b6 18.a4 Nd6 19.Ba3 Ba6 20.Bxd6 Qxd6 21.Qb3 Rfc8 22.Rac1 Rc5
23.Bd3 Bg5 24.Rc2 f5 25.g4 e4 26.fxe4 fxe4 27.Bxe4 Re8 28.Ng3 Bh4 29.Qf3 Rcc8
30.Bd3 Rf8 31.Qg2 Qa3 32.Rxf8+ Rxf8 33.Qe4 Qxa4 34.Kg2 Qd7 35.Ra2 Bc8 36.Be2 Qc7
37.Qd3 Qf4 38.Rxa7 Qf2+ 39.Kh3 b5 40.Rc7 Qf4 41.d6 Be6 42.cxb5 Bd8 43.b6 Qb4
44.Qc3 Qxc3 45.Rxc3 Bxb6 46.Bc4 Bxc4 47.Rxc4 Rd8 48.Rc6 Ba5 49.Ne4 Kf7 50.Rc7+ Ke6
51.Rxh7 Kd5 52.Re7 Rh8+ 53.Kg2 Bd8 54.Nc3+ Kxd6 55.Rg7 g5 56.Rf7 Re8 57.Kf3 Rh8
58.Kg2 Re8 59.Rf5 Re3 60.Nb5+ Kd7 61.Nd4 Re4 62.Rd5+ Ke8 63.h3 Bf6 64.Nf3 Re2+
65.Kf1 Re3 66.Kf2 Ra3 67.Kg2 Ra2+  1/2-1/2